LIBRARY & INFORMATION CENTRE, KCAET, TAVANUR

ONLINE PUBLIC ACCESS CATALOGUE (OPAC)

Elements of statistics / (Record no. 9888)

MARC details
000 -LEADER
fixed length control field 00418cam a2200169ua 4500
041 ## - LANGUAGE CODE
Language code of text/sound track or separate title eng
082 ## - DEWEY DECIMAL CLASSIFICATION NUMBER
Classification number 519.5
Item number AST/EL
100 ## - MAIN ENTRY--AUTHOR NAME
Personal name Asthana, B.N .
245 ## - TITLE STATEMENT
Title Elements of statistics /
260 ## - PUBLICATION, DISTRIBUTION, ETC. (IMPRINT)
Place of publication Allahabad :
Name of publisher Chaithanya Publishing House ,
Year of publication 1984.
300 ## - PHYSICAL DESCRIPTION
Number of Pages 663 ; .
942 ## - ADDED ENTRY ELEMENTS (KOHA)
Koha item type Books
Holdings
Withdrawn status Lost status Damaged status Home library Current library Date acquired Full call number Accession Number Koha item type
      KAUAET KAUAET 31/03/1986 519.5 AST/EL 15278 Books
free website counter